Lataa...

Ente Charukasaladukhangal

Bibliografiset tiedot
Päätekijä: Vasu, E
Aineistotyyppi: Printed Book
Julkaistu: Kottayam SPCS 1985
LEADER 00360nam a22001097a 4500
082 |a 894.81230108  |b VAS.E 
100 |a Vasu, E 
245 |a Ente Charukasaladukhangal 
260 |a Kottayam  |b SPCS  |c 1985 
942 |c BK 
999 |c 18251  |d 18251 
952 |0 0  |1 0  |4 0  |6 894_812301080000000_VAS_E  |7 0  |9 20674  |a CAMPUS  |b CAMPUS  |d 2017-09-14  |l 0  |o 894.81230108 VAS.E  |p 03487  |r 2017-09-14  |w 2017-09-14  |y BK